000 01041na a2200301 4500
999 _c876
_d876
001 19788
003 MIRAKIL
005 20210407150757.0
008 161227b tu 000 0
035 _a19788
040 _aMilas
_btur
_cTR-AnCHP
041 _atur
082 _aCHP 324.6
_bC36n 2010
090 _aBROŞÜR 144
110 _aCumhuriyet Halk Partisi (CHP)
_bAnkara İl Başkanlığı
245 _aNeden hayır?
_cCHP Ankara İl Başkanlığı
_k[broşür]
260 _aAnkara
_bCHP
_c2010
300 _abroşür
_c20 sm.
440 _aCumhuriyet Halk Partisi yayınları
_pSeçim propagandası
610 _aCHP
_bAnkara İl Başkanlığı
_xİktidar eleştirisi
_yReferandum, 2010
651 _aTürkiye
_xSeçim sistemleri
_zReferandum, 2010
651 _aTürkiye
_xAnayasa değişikliği
_yReferandum, 2010
830 _aCHP broşürleri
942 _2ddc
_cBKS
999 _d876